000 01065nam a2200313 c 4500
001 16393
003 ES-MaCES
005 20141221122426.0
008 040406s2003 sp o t 100 | spa d
017 _aM 14305-2003
_bDL
020 _a849516373X
035 _aCES20040005678m
040 _aES-MaCES
_bspa
_cES-MaCES
111 2 _aPremios Francisco Giner de los Ríos a la Mejora de la Calidad Educativa
_n18
_d2003
_9861
245 1 3 _aLa calidad en el aula
_cXVIII Premios Francisco Giner de los Ríos a la Mejora de la Calidad Educativa
260 _aMadrid
_bFundación BBVA
_c[2003]
300 _a222 p.
_bfot., bl. y n.
_c24 cm
541 _cGratuito
650 4 _aenseñanza secundaria
_927388
650 4 _apersonal docente
_929286
650 4 _ainnovación educativa
_930296
650 4 _ainvestigación pedagógica
_927400
653 1 0 _aEducación
710 2 _aFundación BBVA
_eed.
_93766
787 0 _tEducar y aprender
_w(ES-MaCES)17543
902 _aLIB Libro
942 _2CES
_cBK
_h4.0.
999 _c16393
_d16393